|
|
|
|
| LEADER |
00000nab a2200000 ar4500 |
| 001 |
vtls010555767 |
| 003 |
SK-MaSNL |
| 005 |
20260303213249.0 |
| 008 |
131104c2013 xo sr|p|||||||000 b|slo |
| 038 |
|
|
|a PPPK
|
| 040 |
|
|
|a PPPKCL
|b slo
|c PPPKCL
|e AACR2
|
| 041 |
0 |
|
|a slo
|
| 044 |
|
|
|a xo
|c SK
|
| 080 |
|
|
|a 796.355.093
|2 2001
|
| 100 |
1 |
|
|a Humeník, Pavol,
|d 1963-
|4 aut
|9 240569
|
| 245 |
1 |
0 |
|a Vedenie mesta prijalo majstrov sveta
|c t/f Pavol Humeník
|
| 300 |
|
|
|b Fotogr.
|
| 600 |
1 |
7 |
|a Oravec, Boris,
|d 1990-
|2 pppkcl
|9 1088622
|
| 600 |
1 |
7 |
|a Šľachtič, Oskar,
|d 1989-
|2 pppkcl
|9 1095550
|
| 600 |
1 |
7 |
|a Bednárová, Ľudmila,
|d 1980-
|2 pppkcl
|9 1246930
|
| 611 |
2 |
7 |
|a Majstrovstvá sveta v hokejbale
|d (2013 :
|c St. Johns, Kanada)
|2 pppkcl
|9 1246931
|
| 648 |
|
7 |
|a 28.6.2013
|2 pppkcl
|9 1095732
|
| 650 |
0 |
7 |
|a hokejbal
|2 pppkcl
|9 19183
|
| 650 |
0 |
7 |
|a slávnostné prijatie
|2 pppkcl
|9 1104212
|
| 651 |
|
7 |
|a Kežmarok (Slovensko)
|2 pppkcl
|9 26808
|
| 651 |
|
7 |
|a St. Johns (Kanada)
|2 pppkcl
|9 1246932
|
| 773 |
0 |
|
|t Kežmarok
|g Roč. XXI, č. 14 (2013), s. 23
|
| 852 |
|
|
|a PPPK
|b KIS3GCP
|
| 999 |
|
|
|c 2211313
|d 2213243
|